| 000 | 01978 a2200217 4500 | ||
|---|---|---|---|
| 001 | 38801 | ||
| 005 | 20260407155649.0 | ||
| 008 | 260407a1955 arg spa d | ||
| 003 | AR-UNSa-BCEJYS | ||
| 040 |
_aAR-UNSa-BCEJYS _bspa _cAR-UNSa-BCEJYS |
||
| 080 |
_a320 _xCiencia Política (Política y Gobierno) |
||
| 245 | 1 | 0 |
_aLa política de Maquiavelo en el siglo XX _pdiálogos en los infiernos entre Maquiavelo y Montesquieu |
| 264 | 1 |
_aBuenos Aires : _bDavalos-Pelizza _c1955 |
|
| 300 |
_a206 p. _c20 cm. |
||
| 505 | _a1. Diálogo primero - 2. Diálogo segundo - 3. Diálogo tercero - 4. Diálogo cuarto - 5. Diálogo quinto - 6. Diálogo sexto - 7. Diálogo séptimo - 8. Diálogo octavo: La política de Maquiavelo en acción - 9. Diálogo noveno: La Constitución - 10. Diálogo décimo: La constitución (continuación) - 11. Diálogo décimoprimero: De las Leyes - 12. Diálogo décimosegundo: De la prensa (continuación) - 13. Diálogo décimotercero: De las conjuraciones - 14. Diálogo décimocuarto: De las instituciones que existían anteriormente - 15. Diálogo décimoquinto: Del sufragio - 16. Diálogo décimosexto: De ciertas corporaciones - 17. Diálogo décimoséptimo: De la policía - 18. Diálogo décimooctavo: De los asuntos económicos y de su espíritu - 19. Diálogo décimonoveno: Del sistema presupuestario (continuación) - 20. Diálogo vigésimo: Continuación del mismo tema - 21. Diálogo vigésimoprimero: De los empréstitos (continuación) - 22. Diálogo vigésimosegundo: Grandezas del reino - 23. Diálogo vigésimotercero: De otros medios diversos que Maquiavelo empleará para consolidar su imperio y perpetuar si dinastía - 24. Diálogo vigésimocuarto: Particularidad del carácter del Príncipe según la concepción de Maquiavelo - 25. Diálogo vigésimoquinto: La palabra final | ||
| 041 | _aspa | ||
| 942 | _cBK | ||
| 590 | _aniveau_biblio:m niveau_hierar:0 | ||
| 100 | 1 | _aJoly, Mauricio | |
| 700 | 1 | _aAyarragaray, Carlos Alberto | |
| 999 |
_c2925 _d2925 |
||